Who Owns These Car Brands? - Statistics

General Stats
  • This quiz has been taken 50 times
  • The average score is 17 of 51
Answer Stats
Hint Answer % Correct
Cadillac General Motors
66%
Chevrolet General Motors
59%
Audi Volkswagen
59%
Buick General Motors
55%
GMC General Motors
55%
Lexus Toyota
55%
Porsche Volkswagen
55%
Lincoln Ford
48%
Chrysler Stellantis
48%
Fiat Stellantis
48%
Ram Stellantis
48%
Rolls-Royce BMW
45%
Infiniti Nissan
45%
Jeep Stellantis
45%
Peugeot Stellantis
45%
Škoda Volkswagen
45%
Acura Honda
41%
Dodge Stellantis
41%
Citroën Stellantis
41%
Seat Volkswagen
41%
Lamborghini Volkswagen
41%
Mini BMW
38%
Genesis Hyundai
38%
Maserati Stellantis
38%
Opel Stellantis
38%
Abarth Stellantis
38%
Cupra Volkswagen
38%
Jaguar Tata Motors
34%
Land Rover Tata Motors
34%
Bentley Volkswagen
34%
Vauxhall Stellantis
31%
Lancia Stellantis
31%
Volvo Geely
28%
Alfa Romeo Stellantis
28%
Proton Geely
24%
Daihatsu Toyota
24%
Dacia Renault
21%
Denza BYD
17%
Yangwang BYD
17%
Polestar Geely
17%
Zeekr Geely
14%
Lotus Geely
14%
Lynk & Co Geely
14%
MG SAIC
14%
Smart Geely
10%
Roewe SAIC
10%
Fangchengbao BYD
7%
Deepal Changan
7%
Nevo Changan
7%
Haval Great Wall Motors
7%
Ora Great Wall Motors
0%
No matching quizzes found
Score Distribution
Percent of People with Each Score
Percentile by Number Answered
Your Score History
You have not taken this quiz